| 000 | 00780nam a2200253Ia 4500 | ||
|---|---|---|---|
| 003 | OSt | ||
| 005 | 20220926000329.0 | ||
| 006 | a|||||r|||| 00| 0 | ||
| 007 | ta | ||
| 008 | 220923b |||||||| |||| 00| 0 eng d | ||
| 020 |
_a817002000X _cPd 7.95 |
||
| 037 |
_b8078dt, 06/01/1986, Batra _cGeneral Book |
||
| 040 |
_aRTL _cRTL _beng |
||
| 041 |
_2eng _aeng |
||
| 082 | _aU8.297.N8, M5 | ||
| 100 | _aKaur Jagdish | ||
| 245 | 0 |
_aHimalayan _b Pilgrimages and the new tourism. Ed by |
|
| 260 |
_a New Delhi _bHimalayan Books India _c1985 |
||
| 300 |
_a219p. _ccm. |
||
| 500 | _aBib p. 196-201; Appendix p.203-05 | ||
| 650 |
_aTravels _9238248 |
||
| 942 |
_hU8.297.N8, M5 _cGB _2CC |
||
| 999 |
_c598815 _d598815 |
||